<?xml version="1.0" encoding="UTF-8"?>
<record
    xmlns:xsi="http://www.w3.org/2001/XMLSchema-instance"
    xsi:schemaLocation="http://www.loc.gov/MARC21/slim http://www.loc.gov/standards/marcxml/schema/MARC21slim.xsd"
    xmlns="http://www.loc.gov/MARC21/slim">

  <leader>00553nam a22001937a 4500</leader>
  <controlfield tag="003">IBSLLIB</controlfield>
  <controlfield tag="005">20260514070249.0</controlfield>
  <controlfield tag="008">260514b        |||||||| |||| 00| 0 eng d</controlfield>
  <datafield tag="020" ind1=" " ind2=" ">
    <subfield code="a">9781847370914</subfield>
  </datafield>
  <datafield tag="040" ind1=" " ind2=" ">
    <subfield code="a">IBSLLIB</subfield>
    <subfield code="b">eng</subfield>
  </datafield>
  <datafield tag="041" ind1=" " ind2=" ">
    <subfield code="h">English</subfield>
  </datafield>
  <datafield tag="082" ind1=" " ind2=" ">
    <subfield code="a">323.4 </subfield>
    <subfield code="b">GOL</subfield>
  </datafield>
  <datafield tag="100" ind1=" " ind2=" ">
    <subfield code="a">Goldfarb , Alex</subfield>
  </datafield>
  <datafield tag="245" ind1=" " ind2=" ">
    <subfield code="a">Death Of A Dissident :</subfield>
    <subfield code="b">The Poisoning Of Alexander Litvinenko And The Return Of The KGB</subfield>
  </datafield>
  <datafield tag="260" ind1=" " ind2=" ">
    <subfield code="a">UK :</subfield>
    <subfield code="b">Simon &amp; Schuster ,</subfield>
    <subfield code="c">2007</subfield>
  </datafield>
  <datafield tag="300" ind1=" " ind2=" ">
    <subfield code="a">370 P ;</subfield>
    <subfield code="c">23 cm </subfield>
  </datafield>
  <datafield tag="700" ind1=" " ind2=" ">
    <subfield code="a">Litvinenko , Marina </subfield>
    <subfield code="e">Coo Author </subfield>
  </datafield>
  <datafield tag="942" ind1=" " ind2=" ">
    <subfield code="c">LBK</subfield>
  </datafield>
  <datafield tag="999" ind1=" " ind2=" ">
    <subfield code="c">22134</subfield>
    <subfield code="d">22134</subfield>
  </datafield>
  <datafield tag="952" ind1=" " ind2=" ">
    <subfield code="0">0</subfield>
    <subfield code="1">0</subfield>
    <subfield code="4">0</subfield>
    <subfield code="7">0</subfield>
    <subfield code="8">LEN</subfield>
    <subfield code="a">IBSLLIB</subfield>
    <subfield code="b">IBSLLIB</subfield>
    <subfield code="c">LEN</subfield>
    <subfield code="d">2026-04-30</subfield>
    <subfield code="e">Donations</subfield>
    <subfield code="i">10856</subfield>
    <subfield code="l">0</subfield>
    <subfield code="o">323.4  GOL</subfield>
    <subfield code="p">10856</subfield>
    <subfield code="r">2026-05-14 07:00:14</subfield>
    <subfield code="w">2026-05-14</subfield>
    <subfield code="y">LBK</subfield>
  </datafield>
</record>
